000
00287nam a2200121Ia 4500
008
190216s9999||||xx |||||||||||||| ||und||
100
_a
Panikkotti
245
0
_a
Malayalam-Unniyarchayude Urumi
260
_b
Poorna Pubs Kozhikode
300
_a
19649
650
_a
Malayalam
942
_c
BK
999
_c
26826
_d
26826